书目信息 |
| 题名: |
思维风暴
|
|
| 作者: | 周乐 主编 | |
| 分册: | ||
| 出版信息: | 沈阳 辽海出版社 2019.1 |
|
| 页数: | 216页 | |
| 开本: | 17cm | |
| 丛书名: | ||
| 单 册: | ||
| 中图分类: | B804-49 | |
| 科图分类: | ||
| 主题词: | 思维方法--通俗读物 | |
| 电子资源: | ||
| ISBN: | 978-7-5451-5244-9 | |
| 000 | 00933nam0 2200229 45 | |
| 001 | 012001006774 | |
| 005 | 20131017154910.0 | |
| 010 | @a978-7-5451-5244-9@dCNY68.00 | |
| 100 | @a20190212d2019 em y0chiy0110 ea | |
| 101 | 0 | @achi |
| 102 | @aCN@b210000 | |
| 105 | @ay z 000yy | |
| 106 | @ar | |
| 200 | 1 | @a思维风暴@9si wei feng bao@f周乐主编 |
| 210 | @a沈阳@c辽海出版社@d2019.1 | |
| 215 | @a216页@d17cm | |
| 330 | @a本书共分八章,从发散思维、水平思维、倒转思维、转换思维、图解思维、灵感思维、形象思维等几个方面,全面系统地讲解了改变人生的多种黄金思维方法,介绍了风靡全球的革命性工具——思维导图,认为思维导图已成为21世纪风靡全球的革命性思维工具。书中还精选了古今中外的许多经典思维游戏。本书内容丰富,不但让你获得快乐和满足,还可以活跃思维,全面发掘大脑潜能。 | |
| 606 | 0 | @a思维方法@j通俗读物 |
| 690 | @aB804-49@v5 | |
| 701 | 0 | @a周乐@9zhou le@4主编 |
| 801 | 2 | @aCN@b上海新华@c20191020 |
| 905 | @b1175369-72@dB804-49@e128@f4 | |
| 思维风暴/周乐主编.-沈阳:辽海出版社,2019.1 |
| 216页;17cm |
| ISBN 978-7-5451-5244-9:CNY68.00 |
| 本书共分八章,从发散思维、水平思维、倒转思维、转换思维、图解思维、灵感思维、形象思维等几个方面,全面系统地讲解了改变人生的多种黄金思维方法,介绍了风靡全球的革命性工具——思维导图,认为思维导图已成为21世纪风靡全球的革命性思维工具。书中还精选了古今中外的许多经典思维游戏。本书内容丰富,不但让你获得快乐和满足,还可以活跃思维,全面发掘大脑潜能。 |
| ● |
| 相关链接 |
|
|
|
|
正题名:思维风暴
索取号:B804-49/128
 
预约/预借
| 序号 | 登录号 | 条形码 | 馆藏地/架位号 | 状态 | 备注 |
| 1 | 1175369 | 211753690 | 第一样本阅览室/ [索取号:B804-49/128] | 在馆 | |
| 2 | 1175370 | 211753707 | 第一借阅区/ [索取号:B804-49/128] | 在馆 | |
| 3 | 1175371 | 211753716 | 第一借阅区/ [索取号:B804-49/128] | 在馆 | |
| 4 | 1175372 | 211753725 | 第一借阅区/ [索取号:B804-49/128] | 在馆 |